Pestujeme orech kráľovský

Bibliographic Details
Main Author: Kollár, P. (Author)
Format: Article
Language:Slovak
PhysicalDescription:Obr. 1.
Subjects:

MARC

LEADER 00000nab a2200000 a 4500
001 vtls000265965
003 SK-MaSNL
005 20260302214249.0
008 111130c1987 xo 0 slo
015 |a SNBRB19rr/mm-uuuuu 
035 |a CL0276079 
040 |a SNKBUCL  |b slo  |c SNKBUCL  |e AACR2 
041 0 |a slo 
044 |a xo  |c SK 
080 |a 634.51:631.5  |2 1981 
080 |a 631.5  |2 1981 
100 1 |a Kollár, P.  |4 aut  |9 830752 
245 1 0 |a Pestujeme orech kráľovský  |c P. Kollár 
300 |b Obr. 1. 
650 0 7 |a orech kráľovský  |2 snkbucl  |9 74582 
650 0 7 |a orech kráľovský  |2 snkbucl  |9 74582 
655 7 |a články z novín a časopisov  |2 snkbucl  |9 267496 
773 0 |t Záhradkár  |g Roč. 23, č. 1 (1987), s. 3 
850 |a Slovenská národná knižnica v Martine  |a MTA001 
852 |a SNK  |b KIS3GCP 
958 |a RK 
992 |a RBX 
999 |c 1497113  |d 1499043